Democracy and the media : (Record no. 73495)
[ view plain ]
| 000 -LEADER | |
|---|---|
| campo de control de longitud fija | 02357cam a2200385Mi 4500 |
| 001 - NÚMERO DE CONTROL | |
| campo de control | 97269 |
| 005 - FECHA Y HORA DE LA ÚLTIMA TRANSACCIÓN | |
| campo de control | 20230410130346.0 |
| 008 - DATOS DE LONGITUD FIJA--INFORMACIÓN GENERAL | |
| campo de control de longitud fija | 080414s2004 xx 000 0 eng d |
| 035 ## - NÚMERO DE CONTROL DEL SISTEMA | |
| Número de control de sistema | (OCoLC)ocn263736200 |
| 040 ## - FUENTE DE CATALOGACIÓN | |
| Centro catalogador/agencia de origen | HEBIS |
| Lengua de catalogación | ger |
| Centro/agencia transcriptor | HEBIS |
| 020 ## - NÚMERO INTERNACIONAL ESTÁNDAR DEL LIBRO | |
| Número Internacional Estándar del Libro | 0521777437 |
| 020 ## - NÚMERO INTERNACIONAL ESTÁNDAR DEL LIBRO | |
| Número Internacional Estándar del Libro | 0521771803 |
| 020 ## - NÚMERO INTERNACIONAL ESTÁNDAR DEL LIBRO | |
| Número Internacional Estándar del Libro | 9780521771801 |
| 020 ## - NÚMERO INTERNACIONAL ESTÁNDAR DEL LIBRO | |
| Número Internacional Estándar del Libro | 9780521777438 |
| 032 ## - NÚMERO DE REGISTRO POSTAL | |
| Número de registro postal | 197738303 |
| 035 ## - NÚMERO DE CONTROL DEL SISTEMA | |
| Número de control de sistema | (OCoLC)263736200 |
| 050 14 - SIGNATURA TOPOGRÁFICA DE LA BIBLIOTECA DEL CONGRESO | |
| Número de clasificación | P 95.8 |
| Número de ítem | D383 2004 |
| 082 00 - NÚMERO DE LA CLASIFICACIÓN DECIMAL DEWEY | |
| Número de clasificación | 302.23 |
| 049 ## - FONDOS LOCALES (OCLC) | |
| Biblioteca depositaria | GRAL |
| 245 00 - MENCIÓN DEL TÍTULO | |
| Título | Democracy and the media : |
| Resto del título | a comparative perspective / |
| Mención de responsabilidad, etc. | ed. by Richard Gunther, Anthony Mughan. |
| 250 ## - MENCION DE EDICION | |
| Mención de edición | transferred to digital printing 2004 |
| 260 ## - PUBLICACIÓN, DISTRIBUCIÓN, ETC. | |
| Lugar de publicación, distribución, etc. | Cambridge [u.a.] : |
| Nombre del editor, distribuidor, etc. | Cambridge Univ. Press, |
| Fecha de publicación, distribución, etc. | 2004 |
| 300 ## - DESCRIPCIÓN FÍSICA | |
| Extensión | xv, 496 p. ; |
| Otras características físicas | 24 cm. |
| 440 #0 - MENCIÓN DE SERIE/PUNTO DE ACCESO ADICIONAL--TÍTULO | |
| Título | Communication, society, and politics |
| 504 ## - NOTA DE BIBLIOGRAFÍA, ETC. | |
| Nota de bibliografía, etc. | Includes bibliographical references and index. |
| 505 0# - NOTA DE CONTENIDO CON FORMATO | |
| Nota de contenido con formato | The media in democratic and nondemocratic regimes, a multilevel perspective / Anthony Mughan and Richard Gunther -- The media and politics in Spain, from dictatorship to democracy / Richard Gunther, José Ramón Montero, and José Ignacio Wert -- Institutional incapacity, the attentive public, and media pluralism in Russia / Ellen Mickiewicz -- Democratic transformation and the mass media in Hungary, from Stalinism to democratic consolidation / Miklós Sükösd -- The modernization of communications, the media in the transition to democracy in Chile / Eugenio Tironi and Guillermo Sunkel -- Media influence in the Italian transition from a consensual to a majoritarian democrarcy / Carlo Marletti and Franca Roncarolo -- The United States, news in a free-market society / Thomas E. Patterson -- Japan, news and politics in a media-saturated democracy / Ellis S. Krauss -- The Netherlands, media and politics between segmented pluralism and market forces / Cees van der Eijk -- Great Britain, the end of news at ten and the changing news environment / Holli A. Semetko -- Germany, a society and a media system in transition / Max Kaase -- The political impact of the media, a reassessment / Richard Gunther and Anthony Mughan. |
| 650 #0 - PUNTO DE ACCESO ADICIONAL DE MATERIA--TÉRMINO DE MATERIA | |
| Término de materia o nombre geográfico como elemento de entrada | Mass media |
| Subdivisión general | Political aspects. |
| 650 #0 - PUNTO DE ACCESO ADICIONAL DE MATERIA--TÉRMINO DE MATERIA | |
| Término de materia o nombre geográfico como elemento de entrada | Democracy. |
| 653 ## - TÉRMINO DE INDIZACIÓN--NO CONTROLADO | |
| Término no controlado | Communications media |
| 700 1# - ENTRADA AGREGADA--NOMBRE PERSONAL | |
| Nombre de persona | Gunther, Richard. |
| 700 1# - ENTRADA AGREGADA--NOMBRE PERSONAL | |
| Nombre de persona | Mughan, Anthony |
| 942 ## - ELEMENTOS DE ENTRADA SECUNDARIOS (KOHA) | |
| Fuente del sistema de clasificación o colocación | Clasificación de Library of Congress |
| Tipo de ítem Koha | |
| 946 ## - PROCESAMIENTO DE INFORMACIÓN LOCAL (OCLC) | |
| a | mjcruz |
| 994 ## - | |
| -- | C0 |
| -- | DRFGD |
| Estatus retirado | Estado de pérdida | Fuente del sistema de clasificación o colocación | Estado de daño | No para préstamo | Colección | Biblioteca de origen | Biblioteca actual | Ubicación en estantería | Fecha de adquisición | Serial enumeration / chronology | Signatura topográfica completa | Código de barras | Visto por última vez | Copia número | Tipo de ítem Koha |
|---|---|---|---|---|---|---|---|---|---|---|---|---|---|---|---|
| Clasificación de Library of Congress | Humanidades | Biblioteca Juan Bosch | Biblioteca Juan Bosch | Humanidades (4to. Piso) | 10/04/2023 | 1 | P 95.8 D383 2004 | 00000091283 | 25/10/2018 | 1 |
